[Event "Oberliga NRW 1112"]
[Site "Germany"]
[Date "2011.11.13"]
[Round "3.3"]
[White "Malykin, Vitaly"]
[Black "Fiebig, Thomas"]
[Result "1/2-1/2"]
[WhiteElo "2340"]
[BlackElo "2389"]
[PlyCount "70"]
[EventDate "2011.09.18"]
[EventType "team-tourn"]
[EventRounds "9"]
[EventCountry "GER"]
[SourceTitle "EXT 2015"]
[Source "ChessBase"]
[SourceDate "2014.11.20"]
[SourceVersion "1"]
[SourceVersionDate "2014.11.20"]
[SourceQuality "1"]
[WhiteTeam "Solingen II"]
[BlackTeam "Emsdetten Turm II"]
[WhiteTeamCountry "GER"]
[BlackTeamCountry "GER"]

1. Nf3 d5 2. d4 e6 3. c4 c5 4. e3 Nf6 5. a3 a6 6. cxd5 exd5 7. dxc5 Bxc5 8. b4 Ba7 9. Bb2 Nc6 10. Bd3 Bg4 11. Nbd2 0-0 12. h3 Bh5 13. Qb1 Bg6 14. 0-0 Re8 15. Bxg6 hxg6 16. b5 axb5 17. Bxf6 gxf6 18. Qxb5 d4 19. exd4 Nxd4 20. Qxb7 Re7 21. Qb1 Ne2+ 22. Kh1 Rb8 23. Qc2 Nd4 24. Qa4 Nxf3 25. Nxf3 Rb2 26. Rad1 Qb6 27. Rd4 Qb5 28. Qxb5 Rxb5 29. Rd2 Ra5 30. Ra1 Re4 31. g3 Bc5 32. Rda2 Rea4 33. Kg2 Rxa3 34. Rxa3 Rxa3 35. Rxa3 Bxa3 1/2-1/2

[Event "Oberliga NRW 1112"]
[Site "Germany"]
[Date "2011.09.18"]
[Round "1.3"]
[White "Malykin, Vitaly"]
[Black "Sonntag, Hans Hubert"]
[Result "1/2-1/2"]
[WhiteElo "2340"]
[BlackElo "2371"]
[PlyCount "32"]
[EventDate "2011.09.18"]
[EventType "team-tourn"]
[EventRounds "9"]
[EventCountry "GER"]
[SourceTitle "EXT 2015"]
[Source "ChessBase"]
[SourceDate "2014.11.20"]
[SourceVersion "1"]
[SourceVersionDate "2014.11.20"]
[SourceQuality "1"]
[WhiteTeam "Solingen II"]
[BlackTeam "Aachen SV"]
[WhiteTeamCountry "GER"]
[BlackTeamCountry "GER"]

1. Nf3 d5 2. d4 Nf6 3. c4 e6 4. e3 Be7 5. a3 b6 6. b4 dxc4 7. Bxc4 0-0 8. 0-0 c5 9. dxc5 bxc5 10. b5 a6 11. Nc3 axb5 12. Qxd8 Rxd8 13. Bxb5 Nd5 14. Bb2 Ba6 15. a4 Nd7 16. Rfd1 Bxb5 1/2-1/2

[Event "Oberliga NRW 1011"]
[Site "Germany"]
[Date "2011.02.20"]
[Round "7.3"]
[White "Mertens, Heiko"]
[Black "Malykin, Vitaly"]
[Result "1/2-1/2"]
[WhiteElo "2320"]
[BlackElo "2370"]
[PlyCount "99"]
[EventDate "2010.09.26"]
[EventType "team-tourn"]
[EventRounds "9"]
[EventCountry "GER"]
[SourceTitle "EXT 2012"]
[Source "ChessBase"]
[SourceDate "2011.11.24"]
[SourceVersion "1"]
[SourceVersionDate "2011.11.24"]
[SourceQuality "1"]
[WhiteTeam "Godesberg"]
[BlackTeam "Koeln Porz II"]
[WhiteTeamCountry "GER"]
[BlackTeamCountry "GER"]

1. c4 c5 2. Nf3 Nc6 3. d4 cxd4 4. Nxd4 f5 5. Nc3 g6 6. e4 fxe4 7. Nxe4 Bg7 8. Be3 Nh6 9. Be2 d6 10. 0-0 Nf5 11. Nxf5 Bxf5 12. Ng3 Be6 13. Qd2 Qa5 14. Rfd1 0-0 15. Ne4 Qxd2 16. Rxd2 Bf5 17. Ng3 Be6 18. Ne4 Bf5 19. Ng3 Be6 20. Rc1 Rfc8 21. Bf3 Rc7 22. Bd5 Bf7 23. Bxf7+ Kxf7 24. Ne4 Ne5 25. Ng5+ Kg8 26. b3 Bf6 27. Ne6 Rcc8 28. h3 Kf7 29. Nd4 a6 30. Rcd1 Nc6 31. Nxc6 bxc6 32. Bd4 a5 33. Bxf6 Kxf6 34. Rd3 Rc7 35. Re1 Raa7 36. Rf3+ Kg7 37. h4 a4 38. Ree3 axb3 39. axb3 Ra5 40. Re4 Rb7 41. g4 Ra3 42. Ref4 e6 43. Re3 e5 44. Rff3 Rf7 45. Kg2 Rxf3 46. Rxf3 e4 47. Re3 Kf6 48. f3 exf3+ 49. Kxf3 Ra1 50. Kf4 1/2-1/2